000 02321cam a2200445 a 4500
999 _c3838
_d3838
001 14727288
003 OSt
005 20241107082831.0
007 co ugu||||||||
008 070207s2008 nyua b 001 0 eng
010 _a 2007005475
015 _aGBA775295
_2bnb
020 _a9780815341062 (pbk.)
035 _a(OCoLC)ocm82473851
040 _aDLC
_cDLC
_dBAKER
_dBTCTA
_dC#P
_dYDXCP
_dVAM
_dVET
_dNLGGC
_dUKM
_dVRC
_dGZM
_dMBB
_dDLC
_dKH8
082 0 0 _a571.6 ALB
_222
245 0 0 _aMolecular biology of the cell /
_cBruce Alberts ... [et al.] ; with problems by John Wilson, Tim Hunt.
250 _a5th ed.
260 _aNew York :
_bGarland Science,
_cc2008.
300 _a1 v. (various pagings) :
_bill. (chiefly col.) ;
_c28 cm. +
_e1 DVD-ROM (4 3/4 in.)
504 _aIncludes bibliographical references and index.
505 0 _aCells and genomes -- Cell chemistry and biosynthesis -- Proteins -- DNA, chromosomes, and genomes -- DNA replication, repair, and recombination -- How cells read the genome: from DNA to protein -- Control of gene expression -- Manipulating proteins, DNA, and RNA -- Visualizing cells -- Membrane structure -- Membrane transport of small molecules and the electrical properties of membranes -- Intracellular compartments and protein sorting -- Intracellular vesicular traffic -- Energy conversion: mitochondria and chloroplasts -- Mechanisms of cell communication -- The cytoskeleton -- The cell cycle -- Apoptosis -- Cell junctions, cell adhesion, and the extracellular matrix -- Cancer -- Sexual reproduction: meiosis, germ cells, and fertilization -- Development of multicellular organisms -- Specialized tissues, stem cells, and tissue renewal -- Pathogens, infection, and innate immunity -- The adaptive immune system.
505 0 _aTables: The genetic code, amino acids.
650 0 _aCytology.
650 0 _aMolecular biology.
650 2 _aCells
650 2 _aCell Communication
650 2 _aCell Membrane
650 2 _aStem Cells
650 2 _aDNA
650 2 _aAmino Acids
650 2 _aNeoplasms
650 2 _aMolecular Biology
700 1 _aJohnson, Alexander,
_eauthor.
700 1 _aLewis, Julian,
_eauthor.
700 1 _aRaff, Martin,
_eauthor.
700 1 _aRoberts, Keith,
_eauthor.
700 1 _aWalter, Peter,
_eauthor.
942 _2ddc
_cTR